|
|
|
|
| LEADER |
00000nab a2200000 a 4500 |
| 001 |
vtls009517576 |
| 003 |
SK-MaSNL |
| 005 |
20260304152336.0 |
| 008 |
250506c2008 xo |||||||||||000 b|slo |
| 015 |
|
|
|a SNBRB2009/05
|2 snkbucl
|
| 035 |
|
|
|a (uuid)fd38d33a-1711-4495-8761-bc1aa685468a
|
| 035 |
|
|
|a urn:nbn:sk:snk-ab14fp
|
| 035 |
|
|
|a (urnnbn)urn:nbn:sk:snk:ar-a052v7
|
| 038 |
|
|
|a SNKBUCL
|
| 040 |
|
|
|a SNKBUCL
|b slo
|c SNKBUCL
|e AACR2
|
| 041 |
0 |
|
|a slo
|b eng
|
| 044 |
|
|
|a xo
|c SK
|
| 080 |
|
|
|a 371.314.6:53:004.738.5
|2 2001
|
| 080 |
|
|
|a 53
|2 2001
|
| 080 |
|
|
|a 004.738.5
|2 2001
|
| 100 |
1 |
|
|a Gerhátová, Žaneta
|4 aut
|9 412156
|
| 245 |
1 |
0 |
|a Projektové vyučovanie fyziky na ZŠ s využívaním Internetu
|c Žaneta Gerhátová, Miroslava Ožvoldová
|
| 300 |
|
|
|b Fotogr.
|
| 504 |
|
|
|a Bibliogr. odkazy
|
| 546 |
|
|
|a Res. angl., slov.
|
| 650 |
0 |
7 |
|a fyzika
|2 snkbucl
|9 816
|
| 650 |
0 |
7 |
|a projektové vyučovanie
|2 snkbucl
|9 4053
|
| 650 |
0 |
7 |
|a internet
|2 snkbucl
|9 1833
|
| 700 |
1 |
|
|a Ožvoldová, Miroslava,
|d 1949-
|4 aut
|9 153180
|
| 773 |
0 |
|
|t Obzory matematiky, fyziky a informatiky
|g Roč. 37, č. 4 (2008), s. 47-54
|x 1335-4981
|
| 850 |
|
|
|a Slovenská národná knižnica
|
| 852 |
|
|
|a Slovenská národná knižnica
|
| 954 |
|
|
|a odborná, vedecká literatúra pôvodná (slovenská)
|2 lita
|
| 958 |
|
|
|a article27
|
| 958 |
|
|
|a NB
|
| 958 |
|
|
|a OND
|
| 958 |
|
|
|a EUIPO
|
| 999 |
|
|
|c 2948439
|d 2950369
|